000
00295pab a2200109 454500
008
180718b xxu||||| |||| 00| 0 eng d
100
_a
Pande, Savita
245
_a
Israel and the nuclear non proliferation regime
650
_a
Non-Proliferation Treaty
773
_a
Strategic Analysis
909
_a
24404
999
_c
24404
_d
24404